Statistics for アークナイツ実装済みオペレーター

Click here to take the quiz!

General Stats

  • This quiz has been taken 2 times
  • The average score is 101 of 282

Answer Stats

HintAnswer% Correct
重装ビーグル
100%
医療ハイビスカス
100%
先鋒フェン
100%
先鋒プリュム
100%
先鋒ヤトウ
100%
前衛チェン
100%
狙撃ジェシカ
100%
狙撃メテオ
100%
前衛エステル
100%
前衛マウンテン
100%
補助アーススピリット
100%
医療アンセル
100%
医療パフューマー
100%
狙撃アドナキエル
100%
狙撃クルース
100%
前衛メランサ
100%
医療マルベリー
100%
前衛ミッドナイト
100%
前衛ポプカル
100%
狙撃カタパルト
100%
補助ツキノギ
100%
狙撃アオスタ
100%
狙撃イグゼキュター
100%
重装マッターホルン
100%
重装ノイルホーン
100%
術師ヘイズ
100%
狙撃アンドレアナ
100%
前衛 | 術師アーミヤ
100%
術師ラヴァ
100%
前衛ラップランド
100%
術師ドゥリン
100%
特殊
100%
補助オーキッド
100%
重装リスカム
100%
先鋒ヴィグナ
100%
術師12F
100%
術師ナイトメア
50%
術師ホルハイヤ
50%
術師リン
50%
狙撃レンジャー
50%
術師エーベンホルツ
50%
術師エイヤフィヤトラ
50%
狙撃テラ大陸調査団
50%
術師イフリータ
50%
術師ゴールデングロー
50%
術師モスティマ
50%
術師シー
50%
狙撃ヴァーミル
50%
狙撃トター
50%
狙撃パゼオンカ
50%
重装スポット
50%
狙撃エクシア
50%
狙撃ロサ
50%
狙撃ロスモンティス
50%
狙撃遊龍チェン
50%
狙撃フィアメッタ
50%
狙撃プラチナ
50%
狙撃アシッドドロップ
50%
狙撃プロヴァンス
50%
狙撃メテオリーテ
50%
狙撃グレースロート
50%
先鋒バグパイプ
50%
狙撃ルナカブ
50%
狙撃メイ
50%
術師トミミ
50%
先鋒シージ
50%
術師炎獄ラヴァ
50%
特殊血掟テキサス
50%
補助ステインレス
50%
補助プラマニクス
50%
補助ディピカ
50%
補助ロベルタ
50%
特殊グレイディーア
50%
特殊ミヅキ
50%
特殊リー
50%
特殊帰溟スペクター
50%
特殊エフイーター
50%
補助濁心スカジ
50%
特殊クリフハート
50%
特殊マンティコア
50%
特殊レッド
50%
特殊エンフォーサー
50%
特殊グラベル
50%
特殊ショウ
50%
特殊ロープ
50%
特殊イーサン
50%
特殊ジェイ
50%
補助リィン
50%
補助スズラン
50%
術師ロックロック
50%
医療ケルシー
50%
術師ミニマリスト
50%
術師カニパラート
50%
術師ハーモニー
50%
術師ギターノ
50%
術師グレイ
50%
術師カシャ
50%
重装カーディ
50%
医療ナイチンゲール
50%
医療ルーメン
50%
医療チェストナット
50%
医療焔影リード
50%
医療サイレンス
50%
医療フィリオプシス
50%
医療ウィスパーレイン
50%
医療ハニーベリー
50%
医療濯塵ハイビスカス
50%
医療ガヴィル
50%
医療ミルラ
50%
医療セイリュウ
50%
術師スチュワード
50%
狙撃寒芒クルース
50%
重装バブル
50%
前衛ウィスラッシュ
50%
前衛ムリナール
50%
前衛チョンユエ
50%
前衛スペクター
50%
前衛フランカ
50%
前衛スワイヤー
50%
重装ペナンス
50%
前衛エンカク
50%
重装ジュナー
50%
重装ホルン
50%
重装マドロック
50%
前衛ジャッキー
50%
前衛ドーベルマン
50%
重装ニェン
50%
前衛マトイマル
50%
重装ホシグマ
50%
重装サリア
50%
前衛ムース
50%
前衛ビーハンター
50%
前衛ウタゲ
50%
前衛アレーン
50%
前衛百錬ガヴィル
50%
前衛羅小黒
50%
前衛スカジ
50%
先鋒ズィマー
50%
重装ファイヤーホイッスル
50%
先鋒ヴィジェル
50%
先鋒イネス
50%
先鋒ミュルジス
50%
先鋒サガ
50%
重装クオーラ
50%
前衛シルバーアッシュ
50%
先鋒テキサス
50%
重装セメント
50%
先鋒リード
50%
重装グム
50%
先鋒エリジウム
50%
先鋒クーリエ
50%
先鋒テンニンカ
50%
先鋒ビーンストーク
50%
先鋒バニラ
50%
重装ウン
50%
先鋒フレイムテイル
50%
狙撃Ash
50%
医療Lancet-2
50%
特殊キリンRヤトウ
50%
前衛レウスSノイルホーン
50%
前衛Tachanka
50%
特殊THRM-EX
50%
狙撃W
50%
前衛コンビクション
0%
重装バイソン
0%
重装ヘビーレイン
0%
補助プロヴァイゾ
0%
補助ウインドフリット
0%
補助ハイディ
0%
補助クエルクス
0%
補助九色鹿
0%
補助シーン
0%
補助シャマレ
0%
重装アスベストス
0%
補助グラウコス
0%
補助メイヤー
0%
補助ソラ
0%
先鋒スカベンジャー
0%
補助イースチナ
0%
補助淬羽サイレンス
0%
狙撃シェーシャ
0%
前衛ヘラグ
0%
補助ノーシス
0%
前衛ブレイズ
0%
前衛ソーンズ
0%
補助マゼラン
0%
補助アンジェリーナ
0%
重装二アール
0%
前衛スルト
0%
補助ポデンコ
0%
先鋒パズル
0%
狙撃ファイヤーウォッチ
0%
特殊ワイフー
0%
先鋒サイラッハ
0%
狙撃シュヴァルツ
0%
重装ツェルニー
0%
特殊カゼマル
0%
狙撃アルケット
0%
特殊ベナ
0%
特殊キララ
0%
特殊ウユウ
0%
特殊ロビン
0%
特殊カフカ
0%
特殊スノーズント
0%
重装シャレム
0%
狙撃ジャスティスナイト
0%
狙撃ファートゥース
0%
先鋒グラニ
0%
重装オーロラ
0%
重装アッシュロック
0%
先鋒キアーベ
0%
特殊ドロシー
0%
狙撃アズリウス
0%
先鋒ワイルドメイン
0%
先鋒ブラックナイト
0%
先鋒カンタービレ
0%
特殊ウィーディ
0%
特殊ファントム
0%
前衛パラス
0%
前衛耀騎士二アール
0%
前衛アイリーニ
0%
狙撃アンブリエル
0%
前衛ラ・プルマ
0%
前衛ダグザ
0%
前衛ハイモア
0%
術師アステジーニ
0%
前衛ウィンドチャイム
0%
重装ユーネクテス
0%
術師イェラ
0%
術師コロセラム
0%
前衛モーガン
0%
術師アイリス
0%
術師ミント
0%
術師ビーズワクス
0%
医療ススーロ
0%
術師アブサント
0%
術師レオンハルト
0%
術師レイズ
0%
前衛フロストリーフ
0%
術師スカイフレア
0%
狙撃パインコーン
0%
前衛ヒューマス
0%
前衛クォーツ
0%
術師カーネリアン
0%
術師パッセンジャー
0%
前衛カッター
0%
術師ケオべ
0%
前衛テキーラ
0%
前衛アカフユ
0%
重装ブレミシャイン
0%
医療ワルファリン
0%
狙撃エイプリル
0%
重装クロワッサン
0%
狙撃トギフォンス
0%
医療パプリカ
0%
前衛チューバイ
0%
前衛インドラ
0%
前衛サベージ
0%
医療トゥイエ
0%
重装ヴァルカン
0%
医療フォリニック
0%
医療ブリーズ
0%
術師インディゴ
0%
医療セイロン
0%
狙撃エラト
0%
狙撃承曦グレイ
0%
術師プリン
0%
狙撃シラユキ
0%
狙撃メラナイト
0%
前衛シデロカ
0%
前衛エアースカーぺ
0%
前衛フリント
0%
医療シャイニング
0%
前衛バイビーク
0%
前衛ブローカ
0%
前衛アステシア
0%
狙撃ジエユン
0%
重装Blitz
0%
前衛Castle-3
0%
重装Friston-3
0%
特殊Frost
0%

Score Distribution

Percentile by Number Answered

Percent of People with Each Score

Your Score History

You have not taken this quiz